|
|
|
|
| LEADER |
00000cam a2200000 a 4500 |
| 001 |
vtls001101631 |
| 003 |
SK-MaSNL |
| 005 |
20260301183244.0 |
| 008 |
250313s1981 xo a e n 000 0 slo |
| 015 |
|
|
|a SNBA1981
|
| 020 |
|
|
|q (brož.)
|
| 035 |
|
|
|a SNK000044473
|
| 035 |
|
|
|a urn:nbn:sk:snk-amkyii
|
| 035 |
|
|
|a urn:nbn:sk:snk-am008q0t
|
| 035 |
|
|
|a DFC35FCB-5BF2-4A7B-BFAA-6BE58DA6755E
|
| 040 |
|
|
|a SNK
|b slo
|c SNK
|e AACR2
|
| 041 |
0 |
|
|a slo
|
| 044 |
|
|
|a xo
|c SK
|
| 080 |
|
|
|a 621:744.44(075.8)
|2 1981
|
| 080 |
|
|
|a 744.44(075.8)
|2 1981
|
| 080 |
|
|
|a 744.44
|2 1981
|
| 080 |
|
|
|a 621(075.8)
|2 1981
|
| 100 |
1 |
|
|a Tomagová, Mária,
|d 1950-
|4 aut
|9 190376
|
| 245 |
1 |
0 |
|a Cvičenia zo základov strojného inžinierstva
|c Mária Tomagová, Magda Havaldová
|
| 250 |
|
|
|a 2. vyd.
|
| 260 |
|
|
|a Bratislava
|b Alfa
|c 1981
|
| 300 |
|
|
|a 133 s.
|b sch., tab.
|c 29 cm
|
| 366 |
|
|
|e 1500 výt.
|
| 500 |
|
|
|a Vydané pre VŠT v Košiciach
|
| 504 |
|
|
|a Bibliogr. odkazy
|
| 650 |
0 |
7 |
|a strojné inžinierstvo
|2 SNKPH
|9 1039
|
| 650 |
0 |
7 |
|a technické kreslenie
|2 SNKPH
|9 3080
|
| 655 |
|
7 |
|a učebnice vysokých škôl
|2 SNKPH
|9 70191
|
| 700 |
1 |
|
|a Havaldová, Magda
|4 aut
|9 443943
|
| 852 |
|
|
|a Slovenská národná knižnica
|
| 958 |
|
|
|a OND
|
| 958 |
|
|
|a NB
|
| 999 |
|
|
|c 856340
|d 858270
|
| 952 |
|
|
|a SNK
|b SNK
|y PREZ
|7 0
|p 17A1000847
|o snkSB 31606
|i snkKSP 2803/81
|0 0
|1 0
|4 0
|d 2012-07-24
|f 1
|l 0
|r 2025-04-07 00:00:00
|w 2026-02-24
|
| 952 |
|
|
|t P60, <04>, [BOOK], {604}
|a SNK
|b SNK
|y VYP
|7 0
|p 17A0213436
|o snkSB 31606 D1
|i snkKSP 2804/81
|0 0
|1 0
|4 0
|d 1999-10-15
|l 0
|r 2004-12-31 00:00:00
|w 2026-02-24
|